[Event "Graz op"]
[Site "Graz"]
[Date "2002.??.??"]
[Round "9"]
[White "Steininger, Friedrich"]
[Black "Moser, Eva"]
[Result "1/2-1/2"]
[WhiteElo "2225"]
[BlackElo "2339"]
[PlyCount "77"]
[EventDate "2002.??.??"]
[EventType "swiss"]
[EventRounds "9"]
[EventCountry "AUT"]
[SourceTitle "EXT 2003"]
[Source "ChessBase"]
[SourceDate "2002.11.25"]
[SourceVersion "1"]
[SourceVersionDate "2002.11.25"]
[SourceQuality "1"]

1. Nf3 e6 2. e4 b6 3. d4 Bb7 4. Bd3 c5 5. b3 cxd4 6. Nxd4 Qf6 7. c3 Qg6 8. Qf3
Nf6 9. Nd2 Na6 10. Bxa6 Bxa6 11. e5 Nd5 12. c4 Nc7 13. Nb5 Bxb5 14. cxb5 Nd5
15. O-O Be7 16. Bb2 O-O 17. Rac1 Bg5 18. Rfd1 Qh6 19. Qe2 Nf4 20. Qf3 Nxg2 21.
Qxg2 Bxd2 22. Rc2 Bb4 23. Rc4 Bc5 24. b4 Be7 25. Rxd7 Rad8 26. Rcc7 Rxd7 27.
Rxd7 Bxb4 28. Qe4 Bc5 29. Bd4 Qc1+ 30. Kg2 Qg5+ 31. Kf1 Qc1+ 32. Kg2 Qc4 33.
Qc6 Qa4 34. Bxc5 Qg4+ 35. Kh1 bxc5 36. Rxa7 Qd1+ 37. Kg2 Qg4+ 38. Kf1 Qd1+ 39.
Kg2 1/2-1/2

[Event "Graz op"]
[Site "Graz"]
[Date "2002.??.??"]
[Round "8"]
[White "Moser, Eva"]
[Black "Khmelevsky, Serguei"]
[Result "1/2-1/2"]
[WhiteElo "2339"]
[BlackElo "2228"]
[PlyCount "91"]
[EventDate "2002.??.??"]
[EventType "swiss"]
[EventRounds "9"]
[EventCountry "AUT"]
[SourceTitle "EXT 2003"]
[Source "ChessBase"]
[SourceDate "2002.11.25"]
[SourceVersion "1"]
[SourceVersionDate "2002.11.25"]
[SourceQuality "1"]

1. e4 Nf6 2. e5 Nd5 3. d4 d6 4. c4 Nb6 5. f4 dxe5 6. fxe5 Nc6 7. Be3 Bf5 8. Nc3
e6 9. Nf3 Qd7 10. Be2 O-O-O 11. O-O Bg4 12. c5 Nd5 13. Nxd5 Qxd5 14. b4 Qd7 15.
Qa4 Kb8 16. Rfd1 Ne7 17. b5 Nd5 18. Bd2 f6 19. Rac1 Qc8 20. Kh1 Be7 21. exf6
gxf6 22. Be1 Bf5 23. Bd3 Bxd3 24. Rxd3 b6 25. Ra3 Qb7 26. c6 Bxa3 27. Qxa3 Qc8
28. Rc4 Rhe8 29. Ra4 a5 30. Rc4 e5 31. dxe5 fxe5 32. Bxa5 bxa5 33. Qxa5 Nb6 34.
Rc3 Rd1+ 35. Ng1 Rd4 36. Ra3 Ra4 37. Rxa4 Nxa4 38. Qxa4 e4 39. h3 Re5 40. Qb3
Qe6 41. Qb2 Qd5 42. b6 Qb5 43. Qd4 Qd5 44. Qb2 Qb5 45. Qd4 Qd5 46. Qb4 1/2-1/2

[Event "Graz op"]
[Site "Graz"]
[Date "2002.??.??"]
[Round "7"]
[White "Sulyok, Michael"]
[Black "Moser, Eva"]
[Result "1/2-1/2"]
[WhiteElo "2236"]
[BlackElo "2339"]
[PlyCount "65"]
[EventDate "2002.??.??"]
[EventType "swiss"]
[EventRounds "9"]
[EventCountry "AUT"]
[SourceTitle "EXT 2003"]
[Source "ChessBase"]
[SourceDate "2002.11.25"]
[SourceVersion "1"]
[SourceVersionDate "2002.11.25"]
[SourceQuality "1"]

1. c4 f5 2. g3 Nf6 3. Bg2 e6 4. Nf3 Be7 5. O-O O-O 6. d4 d6 7. Nc3 Qe8 8. b3
Qh5 9. Bb2 Nbd7 10. Ne1 e5 11. dxe5 Nxe5 12. Nd3 c6 13. e3 Qh6 14. Qe2 Be6 15.
Ba3 Nxd3 16. Qxd3 Rad8 17. Rad1 Rd7 18. Qc2 Rfd8 19. Rd2 Ng4 20. h3 Nf6 21. Re1
Bf8 22. Rd4 g5 23. Red1 c5 24. R4d2 f4 25. exf4 gxf4 26. Ne4 Nxe4 27. Qxe4 fxg3
28. fxg3 Bxh3 29. Bxh3 Qxh3 30. Rh2 Re7 31. Qd5+ Qe6 32. Bxc5 Qxd5 33. Rxd5
1/2-1/2

[Event "Graz op"]
[Site "Graz"]
[Date "2002.??.??"]
[Round "6"]
[White "Moser, Eva"]
[Black "Havlicek, Josef"]
[Result "1/2-1/2"]
[WhiteElo "2339"]
[BlackElo "2162"]
[PlyCount "33"]
[EventDate "2002.??.??"]
[EventType "swiss"]
[EventRounds "9"]
[EventCountry "AUT"]
[SourceTitle "EXT 2003"]
[Source "ChessBase"]
[SourceDate "2002.11.25"]
[SourceVersion "1"]
[SourceVersionDate "2002.11.25"]
[SourceQuality "1"]

1. g3 d5 2. Bg2 e5 3. d3 Nf6 4. Nf3 Nc6 5. O-O h6 6. c3 Be7 7. Qc2 Be6 8. e4
O-O 9. Re1 dxe4 10. dxe4 a5 11. Nbd2 Bc5 12. Nf1 Qe7 13. Ne3 Rfd8 14. h3 Qd7
15. Rd1 Qe7 16. Re1 Qd7 17. Rd1 1/2-1/2

[Event "Graz op"]
[Site "Graz"]
[Date "2002.??.??"]
[Round "5"]
[White "Nickl, Klaus"]
[Black "Moser, Eva"]
[Result "1/2-1/2"]
[WhiteElo "2164"]
[BlackElo "2339"]
[PlyCount "110"]
[EventDate "2002.??.??"]
[EventType "swiss"]
[EventRounds "9"]
[EventCountry "AUT"]
[SourceTitle "EXT 2003"]
[Source "ChessBase"]
[SourceDate "2002.11.25"]
[SourceVersion "1"]
[SourceVersionDate "2002.11.25"]
[SourceQuality "1"]

1. d4 f5 2. Nf3 Nf6 3. g3 e6 4. Bg2 Be7 5. O-O O-O 6. c4 d6 7. Nc3 Qe8 8. b3
Qh5 9. Ba3 Rf7 10. e3 Nbd7 11. Re1 c6 12. d5 exd5 13. cxd5 c5 14. b4 b6 15.
bxc5 bxc5 16. Rb1 Nb6 17. Nd2 Qh6 18. Bxc5 dxc5 19. d6 Bxd6 20. Rxb6 axb6 21.
Bxa8 Be6 22. Bg2 Rd7 23. Qc2 Bb8 24. Nf3 Nd5 25. Nxd5 Bxd5 26. Qxf5 Qe6 27. Qc2
Be4 28. Qb2 h6 29. Nh4 Bd3 30. Nf3 Ra7 31. a3 Rd7 32. h4 Bc7 33. Rd1 Be4 34.
Rxd7 Qxd7 35. Nd2 Bxg2 36. Kxg2 b5 37. Qc2 Qc6+ 38. Qe4 Qd7 39. Nf3 Qd6 40.
Qe8+ Kh7 41. Qxb5 Qd5 42. Qb1+ Kh8 43. e4 Qc6 44. Qc2 c4 45. Nd4 Qa6 46. a4 Ba5
47. f4 c3 48. Qe2 Qb6 49. Qc4 Qb2+ 50. Kf3 Bb6 51. Qc8+ Kh7 52. Qf5+ Kh8 53.
Qc8+ Kh7 54. Qf5+ Kh8 55. Qf8+ Kh7 1/2-1/2

[Event "Graz op"]
[Site "Graz"]
[Date "2002.??.??"]
[Round "4"]
[White "Moser, Eva"]
[Black "Babula, Vlastimil"]
[Result "0-1"]
[WhiteElo "2339"]
[BlackElo "2551"]
[PlyCount "68"]
[EventDate "2002.??.??"]
[EventType "swiss"]
[EventRounds "9"]
[EventCountry "AUT"]
[SourceTitle "EXT 2003"]
[Source "ChessBase"]
[SourceDate "2002.11.25"]
[SourceVersion "1"]
[SourceVersionDate "2002.11.25"]
[SourceQuality "1"]

1. g3 d5 2. Bg2 Nf6 3. Nf3 c6 4. O-O Bg4 5. d3 Nbd7 6. Nbd2 e5 7. e4 dxe4 8.
dxe4 Bc5 9. h3 Bh5 10. Qe2 O-O 11. a4 Qc7 12. Nc4 b5 13. axb5 cxb5 14. Na5 Bb6
15. b4 Qc3 16. Bd2 Qxc2 17. g4 Bg6 18. Qxb5 Rab8 19. Qc6 Rbc8 20. Qb5 Bxe4 21.
Rfc1 Qb2 22. Nc4 Bd3 23. Bf1 Rxc4 24. Bxd3 Rxc1+ 25. Rxc1 e4 26. Bxe4 Bxf2+ 27.
Kg2 Nxe4 28. Qxd7 Be3 29. Rc8 g6 30. Rxf8+ Kxf8 31. Qd3 Bxd2 32. Qxe4 Bxb4+ 33.
Kg3 Bd6+ 34. Kh4 h6 0-1

[Event "Graz op"]
[Site "Graz"]
[Date "2002.??.??"]
[Round "3"]
[White "Rabiega, Robert"]
[Black "Moser, Eva"]
[Result "1/2-1/2"]
[WhiteElo "2514"]
[BlackElo "2339"]
[PlyCount "43"]
[EventDate "2002.??.??"]
[EventType "swiss"]
[EventRounds "9"]
[EventCountry "AUT"]
[SourceTitle "EXT 2003"]
[Source "ChessBase"]
[SourceDate "2002.11.25"]
[SourceVersion "1"]
[SourceVersionDate "2002.11.25"]
[SourceQuality "1"]

1. e4 c5 2. Nf3 Nc6 3. Bb5 g6 4. O-O Bg7 5. Re1 Nf6 6. e5 Nd5 7. d4 cxd4 8.
Bxc6 dxc6 9. Qxd4 O-O 10. Qh4 f6 11. Nbd2 g5 12. Qc4 g4 13. exf6 exf6 14. Nd4
f5 15. c3 Kh8 16. N2b3 Qf6 17. Qc5 Qg6 18. Ne2 Re8 19. Bd2 b6 20. Qc4 Bd7 21.
Nf4 Nxf4 22. Qxf4 1/2-1/2

[Event "Graz op"]
[Site "Graz"]
[Date "2002.??.??"]
[Round "2"]
[White "Moser, Eva"]
[Black "Schriebl, Alexander"]
[Result "1-0"]
[WhiteElo "2339"]
[BlackElo "2087"]
[PlyCount "81"]
[EventDate "2002.??.??"]
[EventType "swiss"]
[EventRounds "9"]
[EventCountry "AUT"]
[SourceTitle "EXT 2003"]
[Source "ChessBase"]
[SourceDate "2002.11.25"]
[SourceVersion "1"]
[SourceVersionDate "2002.11.25"]
[SourceQuality "1"]

1. e4 d5 2. exd5 Nf6 3. d4 Bg4 4. Bb5+ Nbd7 5. Be2 Bxe2 6. Qxe2 Nxd5 7. Nf3 g6
8. c4 N5f6 9. O-O Bg7 10. Re1 c6 11. Bd2 e6 12. Bb4 Bf8 13. Bc3 Bg7 14. d5 cxd5
15. cxd5 e5 16. Nxe5 O-O 17. Nxd7 Qxd7 18. Rd1 Rad8 19. Qf3 Qd6 20. Bxf6 Bxf6
21. Nc3 Bxc3 22. Qxc3 Rc8 23. Qd4 Rc2 24. Rd2 Rfc8 25. Rxc2 Rxc2 26. Re1 Rc8
27. g3 Rd8 28. h4 h5 29. Rd1 Qa6 30. a4 b5 31. axb5 Qxb5 32. d6 Qb6 33. Qe5 Qb3
34. Rd2 Qe6 35. Qxe6 fxe6 36. Kg2 Kf7 37. Kf3 Rd7 38. Ke4 Kf6 39. Rd3 g5 40.
hxg5+ Kxg5 41. Ke5 1-0

[Event "Graz op"]
[Site "Graz"]
[Date "2002.??.??"]
[Round "1"]
[White "Kainrath, Florian"]
[Black "Moser, Eva"]
[Result "0-1"]
[WhiteElo "2129"]
[BlackElo "2339"]
[PlyCount "58"]
[EventDate "2002.??.??"]
[EventType "swiss"]
[EventRounds "9"]
[EventCountry "AUT"]
[SourceTitle "EXT 2003"]
[Source "ChessBase"]
[SourceDate "2002.11.25"]
[SourceVersion "1"]
[SourceVersionDate "2002.11.25"]
[SourceQuality "1"]

1. e4 c5 2. d4 cxd4 3. c3 g6 4. Bc4 Bg7 5. Qb3 e6 6. Bf4 Nc6 7. Nf3 Na5 8. Qa4
Nxc4 9. Qxc4 d6 10. cxd4 Nf6 11. Nbd2 O-O 12. Rc1 Nxe4 13. Nxe4 d5 14. Qc7 dxe4
15. Ne5 g5 16. Be3 f6 17. Qxd8 Rxd8 18. Nc4 h6 19. h4 Bd7 20. hxg5 hxg5 21. O-O
Bb5 22. Rc2 f5 23. Bxg5 Rxd4 24. Rfc1 Rc8 25. Ne3 Rxc2 26. Rxc2 Bc6 27. g4 Kh7
28. gxf5 exf5 29. Nxf5 Rd5 0-1

[Event "Donau op 10th"]
[Site "Aschach"]
[Date "2001.12.31"]
[Round "7"]
[White "Knechtl, Roland"]
[Black "Moser, Eva"]
[Result "1/2-1/2"]
[WhiteElo "2171"]
[BlackElo "2360"]
[PlyCount "56"]
[EventDate "2001.12.26"]
[EventType "swiss"]
[EventRounds "7"]
[EventCountry "AUT"]
[SourceTitle "CBM 085 Extra"]
[Source "ChessBase"]
[SourceDate "2002.01.21"]
[SourceVersion "1"]
[SourceVersionDate "2002.01.21"]
[SourceQuality "1"]

1. d4 Nf6 2. Nf3 g6 3. c4 Bg7 4. Nc3 O-O 5. Bg5 h6 6. Bh4 c5 7. e3 Nc6 8. d5
Nb8 9. Be2 d6 10. O-O Na6 11. Re1 Nc7 12. e4 Nd7 13. Qc2 Rb8 14. h3 a6 15. a4
Ne5 16. Nd2 g5 17. Bg3 b5 18. cxb5 axb5 19. Nxb5 Na6 20. Nc4 Nb4 21. Qd2 Nxc4
22. Bxc4 f5 23. exf5 Bxf5 24. Rac1 Rf7 25. b3 Qd7 26. Re3 Bg6 27. Re6 Bf5 28.
Re3 Bg6 1/2-1/2

[Event "Donau op 10th"]
[Site "Aschach"]
[Date "2001.12.30"]
[Round "6"]
[White "Moser, Eva"]
[Black "Pluemer, Detlef"]
[Result "1/2-1/2"]
[WhiteElo "2360"]
[BlackElo "2192"]
[PlyCount "27"]
[EventDate "2001.12.26"]
[EventType "swiss"]
[EventRounds "7"]
[EventCountry "AUT"]
[SourceTitle "CBM 085 Extra"]
[Source "ChessBase"]
[SourceDate "2002.01.21"]
[SourceVersion "1"]
[SourceVersionDate "2002.01.21"]
[SourceQuality "1"]

1. e4 e6 2. d4 d5 3. Nc3 Bb4 4. a3 Bxc3+ 5. bxc3 dxe4 6. f3 c5 7. Qd2 Nf6 8.
Bb2 O-O 9. O-O-O Nc6 10. Qf4 e3 11. Qxe3 Nd5 12. Qd2 Nb6 13. dxc5 Na4 14. Bb5
1/2-1/2

[Event "Donau op 10th"]
[Site "Aschach"]
[Date "2001.12.28"]
[Round "4"]
[White "Moser, Eva"]
[Black "Heyne, Martin"]
[Result "0-1"]
[WhiteElo "2360"]
[BlackElo "2185"]
[PlyCount "94"]
[EventDate "2001.12.26"]
[EventType "swiss"]
[EventRounds "7"]
[EventCountry "AUT"]
[SourceTitle "CBM 085 Extra"]
[Source "ChessBase"]
[SourceDate "2002.01.21"]
[SourceVersion "1"]
[SourceVersionDate "2002.01.21"]
[SourceQuality "1"]

1. b3 d5 2. Bb2 Nf6 3. Nf3 Bf5 4. e3 e6 5. Be2 Bd6 6. O-O O-O 7. c4 c6 8. Nc3
h6 9. d3 Nbd7 10. Qd2 Qe7 11. Rad1 Bh7 12. d4 Ne4 13. Nxe4 Bxe4 14. Ne1 Qh4 15.
f4 f5 16. Nf3 Bxf3 17. Rxf3 Qe7 18. Rh3 Nf6 19. Bd3 Kf7 20. Rf1 Rh8 21. Bc2
Rab8 22. g3 Ng4 23. Rh4 Nf6 24. Rh3 Ke8 25. Qa5 a6 26. Qd2 Ng4 27. Qe2 Nf6 28.
a4 g5 29. c5 Bc7 30. b4 g4 31. Rh4 Qd7 32. b5 cxb5 33. axb5 Qxb5 34. Qxb5+ axb5
35. h3 gxh3 36. Rxh3 Ng4 37. Re1 Kd7 38. Bd3 Kc6 39. Bc2 Ra8 40. Bb3 Ba5 41.
Re2 Bb4 42. Kg2 Ba3 43. Kf3 Bxb2 44. Rxb2 Ra1 45. e4 Rf1+ 46. Kg2 Ne3+ 47. Kh2
fxe4 0-1

[Event "Donau op 10th"]
[Site "Aschach"]
[Date "2001.12.27"]
[Round "3"]
[White "Kreindl, Helmut"]
[Black "Moser, Eva"]
[Result "1/2-1/2"]
[WhiteElo "2195"]
[BlackElo "2360"]
[PlyCount "60"]
[EventDate "2001.12.26"]
[EventType "swiss"]
[EventRounds "7"]
[EventCountry "AUT"]
[SourceTitle "CBM 085 Extra"]
[Source "ChessBase"]
[SourceDate "2002.01.21"]
[SourceVersion "1"]
[SourceVersionDate "2002.01.21"]
[SourceQuality "1"]

1. d4 Nf6 2. Nf3 g6 3. Bf4 Bg7 4. e3 d6 5. h3 Nbd7 6. Be2 O-O 7. O-O Qe8 8. Bh2
e5 9. c4 Ne4 10. Nc3 Nxc3 11. bxc3 Kh8 12. Qc2 f5 13. Rae1 b6 14. Nd2 Bb7 15.
Bf3 e4 16. Bd1 Bc6 17. f3 exf3 18. Bxf3 Bxf3 19. gxf3 Qe7 20. Qd3 Bh6 21. Re2
Qh4 22. Kg2 Rae8 23. Bg3 Qf6 24. f4 Qf7 25. Bh4 Nf6 26. Bxf6+ Qxf6 27. Nf3 Bg7
28. d5 Qxc3 29. Qxc3 Bxc3 30. Ng5 Rb8 1/2-1/2

[Event "Donau op 10th"]
[Site "Aschach"]
[Date "2001.12.26"]
[Round "1"]
[White "Praxmarer, Christian"]
[Black "Moser, Eva"]
[Result "1-0"]
[WhiteElo "2103"]
[BlackElo "2360"]
[PlyCount "147"]
[EventDate "2001.12.26"]
[EventType "swiss"]
[EventRounds "7"]
[EventCountry "AUT"]
[SourceTitle "CBM 085 Extra"]
[Source "ChessBase"]
[SourceDate "2002.01.21"]
[SourceVersion "1"]
[SourceVersionDate "2002.01.21"]
[SourceQuality "1"]

1. d4 e6 2. c4 f5 3. Nc3 Nf6 4. Nf3 b6 5. g3 Bb7 6. Bg2 Bb4 7. Qb3 Bxc3+ 8.
Qxc3 O-O 9. O-O Ne4 10. Qe3 Nc6 11. Ng5 Nd6 12. d5 exd5 13. Bxd5+ Kh8 14. Qc3
Ne7 15. Bxb7 Nxb7 16. b3 Ng6 17. h4 Qf6 18. Qxf6 gxf6 19. Bb2 Rae8 20. e3 Ne5
21. Nh3 Nc5 22. Nf4 Ne4 23. Rad1 Rf7 24. Kg2 Ng4 25. Rd5 Kg8 26. Nh5 Nexf2 27.
Rxf2 Nxe3+ 28. Kh3 Nxd5 29. cxd5 Re3 30. Rxf5 Kf8 31. Nxf6 Ke7 32. d6+ Kxd6 33.
Ne4+ Ke7 34. Re5+ Kf8 35. Ng5 Rxe5 36. Bxe5 Rf5 37. Bxc7 h6 38. Bd6+ Kg7 39.
Ne4 Ra5 40. a3 Kf7 41. Kg4 Rd5 42. a4 Ke6 43. Kf4 Rf5+ 44. Ke3 h5 45. Bb8 Kd5
46. Bf4 Rf8 47. Kd3 Rf7 48. b4 Rf8 49. Nc3+ Kc6 50. Kd4 a6 51. Nd5 d6 52. Nc3
b5 53. a5 d5 54. Ne2 Re8 55. Be5 Rg8 56. Ke3 Rg4 57. Nd4+ Kd7 58. Bf4 Rg8 59.
Nb3 Re8+ 60. Kd3 Kc6 61. Nc5 Ra8 62. Kd4 Ra7 63. Be5 Ra8 64. Ne6 Rg8 65. Ng7
Rh8 66. Ne6 Rg8 67. Ng7 Rh8 68. Bf6 Rh6 69. Ke5 d4 70. Nf5 d3 71. Bg5 Rh8 72.
Ke4 Rf8 73. Nd4+ Kd6 74. Kxd3 1-0

[Event "AUT-chT 0102"]
[Site "Austria"]
[Date "2001.11.03"]
[Round "4"]
[White "Weinzettl, Ernst"]
[Black "Moser, Eva"]
[Result "1/2-1/2"]
[WhiteElo "2415"]
[BlackElo "2360"]
[PlyCount "166"]
[EventDate "2001.10.06"]
[EventType "team-tourn"]
[EventRounds "11"]
[EventCountry "AUT"]
[SourceTitle "EXT 2002"]
[Source "ChessBase"]
[SourceDate "2001.11.25"]
[SourceVersion "1"]
[SourceVersionDate "2001.11.25"]
[SourceQuality "1"]

1. e4 c5 2. Nf3 Nc6 3. c3 d5 4. d3 e6 5. Nbd2 Nf6 6. Be2 Be7 7. O-O O-O 8. a3
Qc7 9. b4 d4 10. cxd4 cxb4 11. axb4 Nxb4 12. Ba3 b5 13. Rc1 Qb6 14. Nb3 a5 15.
Ne5 Rd8 16. Qd2 Bb7 17. Rb1 Bf8 18. Nxa5 Rxd4 19. Nac4 bxc4 20. Bxb4 Nxe4 21.
Qe1 cxd3 22. Nxd3 Qc6 23. Ne5 Qd5 24. Bxf8 Rxf8 25. Nf3 Ra4 26. Qc1 Ba6 27.
Bxa6 Rxa6 28. Rd1 Qc6 29. Qe3 h6 30. Rbc1 Qa8 31. Rd4 Nf6 32. h3 Rc8 33. Rcd1
Nd5 34. Qe5 Qb8 35. Qxb8 Rxb8 36. R1d2 Rb1+ 37. Kh2 Raa1 38. g3 g6 39. Kg2 Kg7
40. h4 h5 41. Rc4 Kf6 42. Ng5 Rg1+ 43. Kh2 Rgc1 44. Re4 Rh1+ 45. Kg2 Rhg1+ 46.
Kh2 Rh1+ 47. Kg2 Rhg1+ 48. Kh2 Kg7 49. Ra4 Rh1+ 50. Kg2 Rhg1+ 51. Kh2 Rh1+ 52.
Kg2 Rxa4 53. Kxh1 Kf6 54. Rb2 Ra7 55. Kg2 Kf5 56. Rb5 f6 57. Nf3 Ra2 58. Rc5
Rb2 59. Ra5 g5 60. Nd4+ Ke5 61. Nf3+ Ke4 62. Ra4+ Kf5 63. Nd4+ Kg6 64. hxg5 e5
65. Nf3 Ne3+ 66. Kg1 Rb1+ 67. Kh2 Ng4+ 68. Kg2 Rb2 69. Kg1 fxg5 70. Ra8 Nxf2
71. Nxe5+ Kf5 72. Nc4 Nh3+ 73. Kh1 Re2 74. Ra3 g4 75. Ra5+ Ke4 76. Re5+ Kf3 77.
Rxe2 Kxe2 78. Kg2 Nf2 79. Nd6 Nd1 80. Ne4 Ne3+ 81. Kh2 Kf3 82. Ng5+ Kf2 83.
Ne4+ Kf3 1/2-1/2

[Event "AUT-chT 0102"]
[Site "Austria"]
[Date "2001.11.02"]
[Round "3"]
[White "Moser, Eva"]
[Black "Madl, Ildiko"]
[Result "1-0"]
[WhiteElo "2360"]
[BlackElo "2426"]
[PlyCount "91"]
[EventDate "2001.10.06"]
[EventType "team-tourn"]
[EventRounds "11"]
[EventCountry "AUT"]
[SourceTitle "EXT 2002"]
[Source "ChessBase"]
[SourceDate "2001.11.25"]
[SourceVersion "1"]
[SourceVersionDate "2001.11.25"]
[SourceQuality "1"]

1. e4 c5 2. g3 d5 3. exd5 Qxd5 4. Nf3 Bg4 5. Bg2 Qe6+ 6. Kf1 f6 7. h3 Bh5 8.
Kg1 Nc6 9. Ng5 Bxd1 10. Nxe6 Rc8 11. Na3 b6 12. d3 Bh5 13. Bf4 Bf7 14. Re1 g5
15. Bd2 Bh6 16. h4 g4 17. Bc3 Kd7 18. Ng5 Bg6 19. Bd5 Nd8 20. f4 Bf5 21. Rh2
Bf8 22. Rhe2 h6 23. Ne4 Nc6 24. h5 Bg7 25. Nf2 Nd4 26. Bxd4 cxd4 27. Bxg8 Rhxg8
28. Rxe7+ Kd8 29. Rxa7 Bf8 30. Re2 Bc5 31. Ne4 Bxe4 32. Rxe4 Re8 33. Rxe8+ Kxe8
34. Nb5 Kf8 35. Rh7 Kg8 36. Rxh6 Be7 37. Nxd4 Bc5 38. c3 Bxd4+ 39. cxd4 Kf7 40.
Rg6 Rc1+ 41. Kf2 f5 42. Rxb6 Rc2+ 43. Ke3 Rg2 44. d5 Rxg3+ 45. Kd4 Rh3 46. h6
1-0

[Event "AUT-chT 0102"]
[Site "Austria"]
[Date "2001.11.01"]
[Round "2"]
[White "Hoelzl, Franz"]
[Black "Moser, Eva"]
[Result "1-0"]
[WhiteElo "2369"]
[BlackElo "2360"]
[PlyCount "53"]
[EventDate "2001.10.06"]
[EventType "team-tourn"]
[EventRounds "11"]
[EventCountry "AUT"]
[SourceTitle "EXT 2002"]
[Source "ChessBase"]
[SourceDate "2001.11.25"]
[SourceVersion "1"]
[SourceVersionDate "2001.11.25"]
[SourceQuality "1"]

1. d4 Nf6 2. Nf3 g6 3. c4 Bg7 4. g3 O-O 5. Bg2 d5 6. O-O dxc4 7. Na3 Nc6 8.
Nxc4 Be6 9. b3 Bd5 10. Bb2 a5 11. Rc1 Qb8 12. a3 Rd8 13. e3 Qa7 14. Qc2 Be4 15.
Qe2 Qa6 16. Bh3 a4 17. b4 Bd5 18. Rfd1 Ne4 19. Bf1 Qa7 20. Bg2 Qa6 21. Qc2 f5
22. Ne1 Bh6 23. Bf1 b5 24. Nd2 Nxd2 25. Rxd2 Rab8 26. Nd3 Be4 27. Nc5 1-0

[Event "AUT-chT 0102"]
[Site "Austria"]
[Date "2001.10.31"]
[Round "1"]
[White "Rolletschek, Heinrich"]
[Black "Moser, Eva"]
[Result "1-0"]
[WhiteElo "2269"]
[BlackElo "2360"]
[PlyCount "91"]
[EventDate "2001.10.06"]
[EventType "team-tourn"]
[EventRounds "11"]
[EventCountry "AUT"]
[SourceTitle "EXT 2002"]
[Source "ChessBase"]
[SourceDate "2001.11.25"]
[SourceVersion "1"]
[SourceVersionDate "2001.11.25"]
[SourceQuality "1"]

1. e4 c5 2. g3 d5 3. d3 Nf6 4. Bg2 dxe4 5. dxe4 Qxd1+ 6. Kxd1 Nc6 7. c3 e5 8.
f3 Be6 9. Kc2 Rd8 10. Nh3 Be7 11. Be3 O-O 12. Nd2 h6 13. Nf2 Nd4+ 14. Kb1 b5
15. Bh3 Bxh3 16. Nxh3 Nxf3 17. Nxf3 Rd3 18. Re1 Ng4 19. Nxe5 Rxe3 20. Rxe3 Nxe3
21. Nc6 Bd6 22. a4 a6 23. axb5 axb5 24. e5 Bc7 25. Ra7 Bd8 26. Rd7 Bg5 27. Nxg5
hxg5 28. Rd3 Nf1 29. g4 Re8 30. h3 Re6 31. Rd8+ Kh7 32. Rd6 Nd2+ 33. Rxd2 Rxc6
34. Rd6 Rc7 35. Kc2 g6 36. Kd3 Kg7 37. Ke4 Rb7 38. Kd5 c4 39. Kc5 Kf8 40. Rb6
Rxb6 41. Kxb6 Ke7 42. Kxb5 Ke6 43. Kxc4 Kxe5 44. b4 f5 45. gxf5 gxf5 46. Kd3
1-0

[Event "AUT-ch"]
[Site "Mureck"]
[Date "2001.08.19"]
[Round "15"]
[White "Wach, Markus"]
[Black "Moser, Eva"]
[Result "1-0"]
[WhiteElo "2377"]
[BlackElo "2361"]
[PlyCount "83"]
[EventDate "2001.08.05"]
[EventType "tourn"]
[EventRounds "15"]
[EventCountry "AUT"]
[EventCategory "5"]
[SourceTitle "CBM 083 Extra"]
[Source "ChessBase"]
[SourceDate "2001.09.11"]
[SourceVersion "1"]
[SourceVersionDate "2001.09.11"]
[SourceQuality "1"]

1. e4 e6 2. d4 d5 3. Nc3 Bb4 4. e5 c5 5. a3 Bxc3+ 6. bxc3 Qa5 7. Bd2 Qa4 8. Qg4
g6 9. Ra2 b6 10. h4 h5 11. Qf4 Ba6 12. Nf3 Nd7 13. Bd3 Bxd3 14. cxd3 c4 15. Ng5
Nh6 16. f3 cxd3 17. Kf2 Qc6 18. a4 a5 19. Raa1 Ra7 20. g4 hxg4 21. h5 g3+ 22.
Kg2 Nf5 23. hxg6 Rxh1 24. gxf7+ Ke7 25. Rxh1 Qxa4 26. Rh8 Nf8 27. Nxe6 Kxe6 28.
Rxf8 Qd1 29. Re8+ Kxf7 30. Qxf5+ Kxe8 31. Bg5 Qe2+ 32. Kh3 Rh7+ 33. Kg4 g2 34.
Qc8+ Kf7 35. Qd7+ Kg6 36. Qe6+ Kg7 37. Bf6+ Kf8 38. Qc8+ Kf7 39. Qd7+ Kf8 40.
Qd8+ Kf7 41. Qe7+ Kg8 42. Qe8# 1-0

[Event "AUT-ch"]
[Site "Mureck"]
[Date "2001.08.18"]
[Round "14"]
[White "Moser, Eva"]
[Black "Stanec, Nikolaus"]
[Result "0-1"]
[WhiteElo "2361"]
[BlackElo "2530"]
[PlyCount "88"]
[EventDate "2001.08.05"]
[EventType "tourn"]
[EventRounds "15"]
[EventCountry "AUT"]
[EventCategory "5"]
[SourceTitle "CBM 083 Extra"]
[Source "ChessBase"]
[SourceDate "2001.09.11"]
[SourceVersion "1"]
[SourceVersionDate "2001.09.11"]
[SourceQuality "1"]

1. e4 c5 2. d3 Nc6 3. g3 g6 4. Bg2 Bg7 5. f4 d6 6. Nf3 Nf6 7. O-O O-O 8. Nc3
Bg4 9. h3 Bxf3 10. Qxf3 Rb8 11. Be3 Nd7 12. Qf2 e6 13. g4 Nd4 14. Nd1 Qa5 15.
c3 Nb3 16. axb3 Qxa1 17. f5 Qa6 18. Qd2 Qb6 19. g5 exf5 20. exf5 gxf5 21. Rxf5
Rbe8 22. Nf2 Re5 23. Rf3 f5 24. gxf6 Nxf6 25. Bh6 Qc7 26. Rg3 Re7 27. Ne4 Nxe4
28. Bxe4 Kh8 29. Qg5 Bxh6 30. Qxh6 Rg7 31. Rxg7 Qxg7+ 32. Qxg7+ Kxg7 33. Bxb7
Kf6 34. Be4 h6 35. Kf2 Ke5+ 36. Ke3 Rb8 37. d4+ cxd4+ 38. cxd4+ Ke6 39. Bc2 Rg8
40. Bd1 Rg3+ 41. Kf4 Rd3 42. Bg4+ Kf6 43. Ke4 Rxb3 44. Kd5 Ke7 0-1

[Event "AUT-ch"]
[Site "Mureck"]
[Date "2001.08.17"]
[Round "13"]
[White "Rolletschek, Heinrich"]
[Black "Moser, Eva"]
[Result "0-1"]
[WhiteElo "2340"]
[BlackElo "2361"]
[PlyCount "50"]
[EventDate "2001.08.05"]
[EventType "tourn"]
[EventRounds "15"]
[EventCountry "AUT"]
[EventCategory "5"]
[SourceTitle "CBM 083 Extra"]
[Source "ChessBase"]
[SourceDate "2001.09.11"]
[SourceVersion "1"]
[SourceVersionDate "2001.09.11"]
[SourceQuality "1"]

1. e4 c5 2. c4 Nc6 3. Nc3 g6 4. g3 Bg7 5. Bg2 e6 6. Nge2 Nge7 7. d3 O-O 8. O-O
a6 9. Rb1 b5 10. cxb5 axb5 11. Nxb5 Rxa2 12. Be3 Ba6 13. Qb3 Ra5 14. Na3 Qa8
15. Bd2 Rb8 16. Qd1 Bxd3 17. Bxa5 Bxb1 18. Bc7 Rb7 19. Bd6 Ba2 20. Bxc5 Bxb2
21. Qc2 Qa5 22. Nb1 Bg7 23. Bd6 Rb2 24. Qd3 Bxb1 25. Rxb1 Rd2 0-1

[Event "AUT-ch"]
[Site "Mureck"]
[Date "2001.08.15"]
[Round "11"]
[White "Weinzettl, Ernst"]
[Black "Moser, Eva"]
[Result "1/2-1/2"]
[WhiteElo "2413"]
[BlackElo "2361"]
[PlyCount "50"]
[EventDate "2001.08.05"]
[EventType "tourn"]
[EventRounds "15"]
[EventCountry "AUT"]
[EventCategory "5"]
[SourceTitle "CBM 083 Extra"]
[Source "ChessBase"]
[SourceDate "2001.09.11"]
[SourceVersion "1"]
[SourceVersionDate "2001.09.11"]
[SourceQuality "1"]

1. e4 c5 2. Nf3 Nc6 3. d4 cxd4 4. Nxd4 Nf6 5. Nc3 e5 6. Ndb5 d6 7. a4 a6 8. Na3
Be6 9. Nc4 Rc8 10. Be3 Nb4 11. Nb6 Rc6 12. Nbd5 Qa5 13. Nxf6+ gxf6 14. Bd2 Rg8
15. Rc1 d5 16. exd5 Bxd5 17. Nxd5 Qxd5 18. Bxb4 Qe4+ 19. Qe2 Qxb4+ 20. c3 Qxa4
21. g3 Rd6 22. Bg2 Bh6 23. Rd1 Rxd1+ 24. Qxd1 Qxd1+ 25. Kxd1 Ke7 1/2-1/2